000 00638nam a22002177a 4500
003 UA-OsUOA
001 61506
007 ta
008 20090706b un ||||| |||| 00| 0 ukr d
100 _aДанилевська-Бабій Г.Я.
090 _a81
_bД18
942 _cSA
040 _aUA-OsUOA
_bukr
_cUA-OsUOA
_dUA-OsUOA
245 _aРозвивальний потенціал уроку іноземної мови
300 _aС.12-14
955 _a0
041 _aukr
080 _a81
773 0 _w61505
650 7 _a8 Мовознавство. Художня література. Літературознавство
_2UDC
999 _c348109
_d348109